Score 0/25 Timer 03:00
0 Plays Today
Clue Missing Word % Correct
The Wonderful Wizard of __Oz
96.9%
___ Cream ConeIce
96.5%
New ____ City SubwayYork
95.4%
The ____ of the WildCall
94.2%
_____-Siberian RailwayTrans
92.6%
________ Corn FlakesKellogg's
92.4%
Teddy ____Bear
90.6%
Barbershop ________Quartet
90.2%
Magnetic South ____Pole
90%
Great ____ of 1901Fire
85.5%
Mount ________ EruptionVesuvius
84.1%
______ MoviesSilent
83.8%
______ Brothers flightWright
80.4%
Clue Missing Word % Correct
San Francisco __________Earthquake
80.1%
_______ RevolutionRussian
78.3%
SOS ________ SignalDistress
71.6%
______ CounterGeiger
69.7%
Scott ______Joplin
61.3%
_____ de Toulouse-LautrecHenri
60.8%
Art _______Nouveau
55.6%
Guglielmo _______Marconi
48.6%
McKinley's _____________Assassination
40.8%
King _______ I of ItalyUmberto
39.4%
____ Maud MontgomeryLucy
32.6%
The ________ GirlsZiegfeld
29.7%

Today's Daily Dose

Missing Word
Train Books

Word Ladder
Piano Man

Quick Pick
Google Products

Get the Picture
Moana or Coco

Remove Ads.
Support Sporcle.
Get the best of Sporcle when you Go Orange. This ad-free experience offers more features, more stats, and more fun while also helping to support Sporcle. Thank you for becoming a member.

You're not logged in!

Compare scores with friends on all Sporcle quizzes.
OR
Log In

Show Comments

Extras

Top Quizzes Today


Score Distribution

Your Account Isn't Verified!

In order to create a playlist on Sporcle, you need to verify the email address you used during registration. Go to your Sporcle Settings to finish the process.

Report this User

Report this user for behavior that violates our Community Guidelines.

Details: